000 00623nam a2200241Ia 4500
003 OSt
005 20220918195238.0
006 a|||||r|||| 00| 0
007 ta
008 220917b |||||||| |||| 00| 0 eng d
024 _a84,285
037 _cTextual
040 _aARTS
_cARTS
_beng
041 _2eng
_aeng
082 _aSM9, M1
100 _aMeissner W W
_989758
245 0 _aInternalization in psychoanalysis
260 _aN York
_bInternational Univ Press
_c1981
300 _axi, 278p.
_ccm.
650 _aPSYCHOLOGY
942 _hSM9, M1
_cTEXL
_2CC
999 _c207999
_d207999